000 01517nam0a2200373 i 4500
001 RU\NLR\bibl\1987450
005 20260408192000.0
010 _a9785932553497
_91000
021 _aRU
_b2012-99815
_97366
035 _a(NLR Aleph) 001976035
090 _a4022975
_c4022975
100 _a20130116d2013 u y0rusy50 ca
101 1 _arus
_ceng
102 _aRU
105 _ay |||||||||
200 1 _aРеакционный дух
_eконсерватизм от Эдмунда Берка до Сары Пэйлин
_fКори Робин
_gпер. с англ. Михаила Рудакова
210 _aМосква
_cИзд-во Института Гайдара
_d2013 [т.е. 2012]
215 _a309, [1] с.
_d22
300 _aЗагл. и авт. ориг.: The reactionary mind/ Cory Robin
300 _aКн. фактически изд. в 2012 г.
320 _aБиблиогр. в подстроч. примеч.
320 _aДр. кн. авт. на 4-й с. обл.
454 0 _12001#$aThe reactionary mind$fCory Robin
_1700#1$aRobin$bC.$gCorey$4070
_tThe reactionary mind
_aRobin, Corey
606 _aКонсерватизм
_xИстория
_3RU\NLR\auth\661287840
_92135655
686 _aТ3(0)5/6-484
686 _aФ3(0)15
700 1 _aРобин
_bК.
_gКори
_4070
702 1 _aБерк
_bЭ.
_gЭдмунд
_4570
702 1 _aПэйлин
_bС.
_gСара
_4570
801 0 _aRU
_bNLR
_c20130116
_gRCR
801 1 _aRU
_bNLR
_c20130116
942 _cBOOK
980 _aNBR